|
|
|
|
| LEADER |
00000nas a2200000 4500 |
| 001 |
ssj0003006 |
| 003 |
WaSeSS |
| 005 |
20200512172242.0 |
| 006 |
m d |
| 007 |
cr n |
| 008 |
751209c19759999nyuqr p s 0 a0eng |
| 010 |
|
|
|a 75647098
|
| 015 |
|
|
|a 016081102
|2 dnb
|
| 016 |
|
|
|a (AMICUS)000000115836
|
| 016 |
7 |
|
|a 016081102
|2 DE-101
|
| 016 |
7 |
|
|a 1077113-X
|2 DE-600
|
| 016 |
7 |
|
|a 009866379
|2 Uk
|
| 016 |
7 |
|
|a 010010334
|2 Uk
|
| 016 |
7 |
|
|a 1077113-x
|2 DE-600
|
| 016 |
7 |
|
|a 1077113x
|2 DE-600
|
| 016 |
7 |
|
|a 016081102
|2 de-101
|
| 016 |
7 |
|
|a 1077113x
|2 de-600
|
| 022 |
|
|
|l 0098-857X
|y 0098-857X
|
| 032 |
|
|
|a 023140
|b USPS
|
| 035 |
|
|
|a (WaSeSS)ssj0003006
|
| 037 |
|
|
|b American Scandinavian Foundation, 127 E. 73d St., New York, NY 10021
|
| 040 |
|
|
|a DLC
|b eng
|c DLC
|d NSD
|d DLC
|d NSD
|d OCL
|d DLC
|d NSD
|d OCL
|d NSD
|d NST
|d AIP
|d NSD
|d AIP
|d NST
|d OCL
|d NST
|d HUL
|d SYS
|d CUS
|d OCLCQ
|d NLGGC
|d CDS
|d LVB
|d UV0
|d CRU
|d OCLCQ
|d UX1
|d OCLCQ
|d HEBIS
|d GBVCP
|d UKMGB
|d OCLCQ
|d OCLCO
|d OCLCF
|d IUL
|d NLC
|d GILDS
|d OCLCQ
|d CEF
|d WaSeSS
|
| 042 |
|
|
|a pcc
|a nsdp
|
| 043 |
|
|
|a ev-----
|
| 050 |
0 |
0 |
|a AP2
|b .A457
|
| 050 |
1 |
4 |
|a E184.S18
|b S3
|
| 082 |
0 |
4 |
|a 051
|
| 210 |
0 |
|
|a Scand. rev.
|
| 222 |
|
0 |
|a Scandinavian review
|
| 245 |
0 |
0 |
|a Scandinavian review
|h [electronic resource].
|
| 260 |
|
|
|a [New York],
|b [American Scandinavian Foundation]
|
| 310 |
|
|
|a Quarterly
|
| 362 |
0 |
|
|a v. 63- Mar. 1975-
|
| 506 |
|
|
|a License restrictions may limit access.
|
| 651 |
|
0 |
|a Scandinavia
|v Periodicals.
|
| 651 |
|
6 |
|a Scandinavie
|v Périodiques.
|
| 651 |
|
7 |
|a Scandinavia.
|2 fast
|0 (OCoLC)fst01242804
|
| 651 |
|
7 |
|a 4.000.
|2 gtt
|
| 655 |
|
0 |
|a Electronic journals.
|
| 710 |
2 |
|
|a American-Scandinavian Foundation.
|
| 780 |
0 |
0 |
|t American-Scandinavian review
|x 0003-0910
|w (DLC) 16023752
|w (OCoLC)2098065
|
| 850 |
|
|
|a CaOONL
|a CoU
|a DLC
|a FU
|a IaAS
|a KMK
|a MH-Hi
|a MH-Lm
|a MsU
|a NcD
|a ViBlbV
|a ViU
|
| 853 |
0 |
3 |
|8 1
|a v.
|b no.
|u 4
|v r
|i (year)
|j (month)
|w q
|x 03
|
| 853 |
2 |
0 |
|8 2
|a v.
|b no.
|u 3
|v r
|i (year)
|j (season)
|w t
|x 22
|y ps22,23,21
|
| 856 |
4 |
0 |
|z Full text available from Research Library: 01/01/1992 to present
|u https://search.proquest.com/publication/41327
|
| 863 |
4 |
0 |
|8 1
|a <63>
|b 1
|i 1975
|j 03
|
| 863 |
4 |
1 |
|8 2.1
|a <91>
|b <1>
|i <2003>
|j <22>
|